Inkorporácia extracelulárnych mastných kyselín kvasinkou Yarrowia lipolytica bakalárska práca

Na minha lista:
Detalhes bibliográficos
Autor principal: Meravá, Zuzana
Formato: Livro
Idioma:eslovaco
Publicado em: Bratislava STU FCHPT 2013
Acesso em linha:View in OPAC
Tags: Adicionar Tag
Sem tags, seja o primeiro a adicionar uma tag!

MARC

LEADER 00000nam a2200000 a 4500
005 20260127134112.0
008 130911 2013 000 0 slo d
035 |a vtls010542410 
039 9 |y 201309111126  |z mschk03 
040 |a STUSCHK1  |b slo  |c STUSCHK1  |e AACR2 
100 1 |a Meravá, Zuzana 
245 1 |a Inkorporácia extracelulárnych mastných kyselín kvasinkou Yarrowia lipolytica  |b bakalárska práca  |c Zuzana Meravá 
260 |a Bratislava  |b STU FCHPT  |c 2013 
300 |a 45 s.  |b il.  |c 30 cm 
500 |a Obhájené: 10.07.2013 
500 |a Štud. program: B-BIOPOT 
500 |a Štud. odbor: Biotechnológie 
500 |a Škol. pracovisko: Odd. Odd. biochemickej technológie 
500 |a Evid. číslo: FCHPT-13567-44167 
910 |a SCHK95 
999 |c 4132  |d 4132